| LEADER 00000nam 2200000uu 4500 |
| 001 212038 |
| 003 ULIBM |
| 008 180604s||||||||th 000 0 tha d |
| 020 ^a9786167902739
|
| 040 ^abcnkk
|
| 041 ^atha
|
| 060 04 ^aWG102^bก185ส 2561
|
| 100 0 ^aกรองกาญจน์ ชูทิพย์
|
| 245 10 ^aสรีรวิทยาระบบหัวใจร่วมหลอดเลือดกับการประยุกต์ใช้ทางเภสัชวิทยา =^bCardiovascular physiology and pharmacologicalapplications /^cกรองกาญจน์ ชูทิพย์
|
| 246 31 ^aCardiovascular physiology and pharmacological applications
|
| 250 ^aพิมพ์ครั้งที่ 2
|
| 260 ^aพิษณุโลก :^bสำนักพิมพ์มหาวิทยาลัยนเรศวร,^c2561
|
| 300 ^ax, 540 หน้า :^bภาพประกอบ ;^c27 ซม.
|
| 650 2 ^aCardiovascular Physiological Phenomena
|
| 650 2 ^aCardiovascular System^xanatomy & histology
|
| 650 2 ^aRespiratory Physiology
|
| 650 2 ^aRespiratory System^xanatomy & histology
|
| 650 4 ^aหัวใจ^xสรีรวิทยา
|
| 650 4 ^aหัวใจร่วมหลอดเลือด, ระบบ^xสรีรวิทยา
|
| 710 2 ^aมหาวิทยาลัยนเรศวร.^bคณะวิทยาศาสตร์การแพทย์.^bภาควิชาสรีรวิทยา
|
| 999 ^aใช้งานได้ทุกระบบ
|